Matemática 2; aula taller /

Guardado en:
Autor Principal: Cortés, Graciela D. de
Formato: Libro
Publicado: Buenos Aires : Stella, 1991
Edición:2a. ed.
Materias:
Etiquetas: Agregar Etiqueta
Sin Etiquetas, Sea el primero en etiquetar este registro!
LEADER 00633nam a22002295a 4500
001 CEM.cems015785
005 20100823174134.0
008 130507s1991##################000#0#####d
003 CEMS
020 |a 9505251734 
082 0 4 |a 510 
100 1 |a Cortés, Graciela D. de 
245 1 0 |a Matemática 2; aula taller /  |c Graciela D. de Cortés, 
250 |a 2a. ed. 
260 |a Buenos Aires :  |b Stella,  |c 1991 
300 |a 320 p. 
653 |a Magnitudes 
653 |a Matemática 
653 |a Matemática 2do. año 
653 |a Proporciones 
653 |a Polígonos 
859 |a CEMS  |b BIB. CEMS - Agricultura  |h 510  |i C818a2  |p A17853.94  |t Ej.1  |v 2  |3 2